| 000 | 01110cam a2200301 4500 | ||
|---|---|---|---|
| 001 | L159347 | ||
| 008 | 161007n2014 000 0 eng u | ||
| 020 | _a9781137371690 | ||
| 035 | _a(Sirsi) u159348 | ||
| 041 | _aeng | ||
| 050 |
_a690 _c18 |
||
| 100 | _aRiley, Mike | ||
| 245 |
_aConstruction technology 2 _bindustrial and commercial building |
||
| 260 |
_aBasingstoke _bPalgrave Macmillan _c2014 |
||
| 300 |
_avii, 427p. _c25cm. |
||
| 490 | _aConstruction Technology 2 | ||
| 520 | _aConsiders the functions and requirements of industrial and commercial buildings, the building process and preparations for building and elements of building substructure and superstructure. Concludes with a discussion on building life cycle and refurbishment issues. | ||
| 520 | _aSupersedes 2 ed ISBN 0333804821 | ||
| 590 | _aKA | ||
| 650 | _aCONSTRUCTION TECHNOLOGY | ||
| 650 | _aINDUSTRIAL BUILDINGS | ||
| 650 | _aBUILDING STRUCTURES | ||
| 650 | 2 | 4 | _aCOMMERCIAL BUILDINGS |
| 651 | 4 |
_aEngland and Wales _y1543- |
|
| 690 |
_aConstruction management _96230 |
||
| 700 | _aCotgrave, Alison | ||
| 942 | _n0 | ||
| 999 |
_c115824 _d115824 |
||